LIBRARY & INFORMATION CENTRE, KCAET, TAVANUR

ONLINE PUBLIC ACCESS CATALOGUE (OPAC)

Masonry in questions and answers / (Record no. 3107)

MARC details
000 -LEADER
fixed length control field 00543cam a2200229ua 4500
041 ## - LANGUAGE CODE
Language code of text/sound track or separate title eng
082 ## - DEWEY DECIMAL CLASSIFICATION NUMBER
Classification number 693.1
Item number SHA/MA
100 ## - MAIN ENTRY--AUTHOR NAME
Personal name Shahane, .
245 ## - TITLE STATEMENT
Title Masonry in questions and answers /
260 ## - PUBLICATION, DISTRIBUTION, ETC. (IMPRINT)
Place of publication Bombay :
Name of publisher Engineering Book Co. ,
Year of publication 1956.
300 ## - PHYSICAL DESCRIPTION
Number of Pages 112 ; .
942 ## - ADDED ENTRY ELEMENTS (KOHA)
Koha item type Books
Holdings
Withdrawn status Lost status Damaged status Home library Current library Date acquired Cost, normal purchase price Full call number Accession Number Koha item type
Withdrawn     KAUAET KAUAET 07/04/2012 2.00 693.1 SHA/MA 7569 Books
Withdrawn     KAUAET KAUAET 07/04/2012 2.00 693.1 SHA/MA 7572 Books
Withdrawn   Damaged KAUAET KAUAET 07/04/2012 2.00 693.1 SHA/MA 7568 Books
Withdrawn     KAUAET KAUAET 07/04/2012 2.00 693.1 SHA/MA 7571 Books
Withdrawn     KAUAET KAUAET 07/04/2012 2.00 693.1 SHA/MA 7567 Books
Withdrawn     KAUAET KAUAET 07/04/2012 2.00 693.1 SHA/MA 7570 Books
free website counter